[Event "Mechanics' Winter TNM; G/2"]
[Site "San Francisco"]
[Date "2016.01.26"]
[Round "4.8"]
[White "Klinetobe, David"]
[Black "Clemens, Kristain"]
[Result "1/2-1/2"]
[WhiteElo "2000"]
[BlackElo "1932"]
[Annotator "Donaldson"]
[PlyCount "111"]
[EventDate "2016.??.??"]

1. e4 e5 2. Nf3 Nc6 3. Bb5 Nd4 4. Nxd4 exd4 5. O-O g6 6. d3 Bg7 7. f4 c6 8. Bc4
Ne7 9. f5 d5 10. f6 dxc4 11. fxg7 Rg8 12. Qf3 Be6 13. Qf6 Nc8 14. Bh6 Qxf6 15.
Rxf6 Nd6 16. Nd2 cxd3 17. cxd3 Ke7 18. Raf1 Ne8 19. Bg5 Nxf6 20. Bxf6+ Ke8 21.
Rf4 c5 22. g4 g5 23. Rf3 Bxg4 24. Rg3 Bd1 25. Rxg5 Rc8 26. Nc4 Rc6 27. e5 Kd7
28. Nd6 Rxd6 29. exd6 Kxd6 30. Re5 b6 31. Kf2 a6 32. Re1 Bg4 33. Be7+ Kd5 34.
Bf8 Bf5 35. Ke2 b5 36. Kd2 Be6 37. b3 a5 38. Rc1 c4 39. dxc4+ bxc4 40. Rxc4 Bd7
41. Rc7 Be8 42. Re7 Bb5 43. Rxf7 a4 44. Rf5+ Kc6 45. Rc5+ Kb6 46. b4 (46. bxa4
Bxa4 47. Rc4) 46... d3 47. Rh5 (47. Rd5) (47. a3) 47... Bd7 48. Rxh7 Be6 {
Diagram #} 49. Rh3 $4 {
White blunders a rook but his position was so winning he is still able to draw!
} Bxh3 50. Kxd3 a3 51. Kc2 Be6 52. h4 Bxa2 53. h5 Bf7 54. h6 Kb5 55. h7 Bg6+
56. Kb3 1/2-1/2

[Event "Mechanics' Alan Benson TNM; G/2"]
[Site "San Francisco"]
[Date "2016.08.09"]
[Round "2.12"]
[White "Klinetobe, David"]
[Black "Dougal, Michael"]
[Result "1/2-1/2"]
[WhiteElo "2001"]
[BlackElo "1931"]
[Annotator "Winslow"]
[PlyCount "83"]
[EventDate "2016.??.??"]

1. e4 d6 2. d4 Nf6 3. Nc3 g6 4. f4 Bg7 5. Nf3 c5 6. Bb5+ Bd7 7. e5 Ng4 8. Bxd7+
Qxd7 9. d5 dxe5 10. h3 e4 11. Nxe4 Nf6 12. Nxf6+ Bxf6 13. O-O O-O 14. Ne5 Qc7
15. Qe2 Rd8 16. c4 Nd7 17. Re1 b5 $6 {
You know that file is going to end up in White's hands...} 18. b3 bxc4 19. bxc4
Rab8 20. Bb2 Rb6 21. Bc3 Ra6 22. Rac1 (22. Rad1 Nxe5 23. fxe5 Bg7 24. Rd3)
22... Nxe5 23. fxe5 Bg7 24. Qf2 Ra3 25. Qb2 Ra6 (25... Ra4 $1 $14) 26. Rb1 Qb6
27. Qf2 (27. Qa1 $1) 27... Qc7 28. Rb5 Rb8 29. Rxc5 Qb6 30. Bd4 Qb4 31. Re2
Qb1+ 32. Kh2 Qd1 33. Rc7 Rb1 34. Rxe7 Qh1+ 35. Kg3 Ra3+ {Diagram (#)} 36. Be3
$4 (36. Re3 $18 {huge won, 11 pawn acc. to SF7}) 36... Rf1 $3 37. Re1 $2 (37.
Re8+ $5 Bf8 38. e6 Kg7 $1 (38... Rxf2 39. Kxf2 Kg7 40. Bd4+) 39. e7 Bxe7 40.
Rxe7 Rxf2 41. Kxf2 Qa1 42. Re4 Rd3 43. Bxa7 h6 $11) 37... Rxf2 38. Rxh1 Re2 39.
Re8+ Bf8 40. d6 {everything else loses as well} Raxe3+ 41. Kf4 Re4+ (41... Rxe5
$1 42. Rxe5 Bxd6 $19) 42. Kf3 (42. Kf3 f6 $3 $19 (42... h6 $3 $19 43. d7 R4e3+
44. Kf4 g5+ 45. Kg4 Rd3) 43. c5 R4e3+ 44. Kf4 g5+ 45. Kf5 Rf2+ 46. Ke6 Rxe5+
47. Kd7 Rxc5 $19) 1/2-1/2

[Event "Mechanics' Winter TNM; G/2"]
[Site "San Francisco"]
[Date "2016.02.09"]
[Round "6.34"]
[White "Koga, Micah"]
[Black "Aafjes, Marc"]
[Result "0-1"]
[WhiteElo "1738"]
[BlackElo "1311"]
[PlyCount "114"]
[EventDate "2016.??.??"]

1. e4 e5 2. Nf3 Nf6 3. c3 Nc6 4. Bb5 a6 5. Bxc6 bxc6 6. Nxe5 Nxe4 7. Qe2 Qe7 8.
d4 Nf6 9. Be3 d6 10. Nxc6 Qe4 11. Qf3 Qxf3 12. gxf3 Bb7 13. Nb4 Bxf3 14. Rg1
Be4 15. Nd2 Bf5 16. O-O-O a5 17. Nc2 Be6 18. c4 d5 19. c5 c6 20. Rde1 g6 21. h4
Bg7 22. Nf3 O-O 23. Ne5 Ra6 24. f3 h5 25. Rg3 Bf5 26. Bf4 Ne8 27. Reg1 Kh7 28.
Ne3 Bxe5 29. Bxe5 Be6 30. a4 Ng7 31. Bf6 Re8 32. Kd2 Nf5 33. Nxf5 Bxf5 34. Be5
Ra7 35. Re1 Rb7 36. Kc3 f6 37. f4 fxe5 38. fxe5 Rb4 39. b3 Re6 40. Rd1 Rb7 41.
Kd2 Ree7 42. Re3 Kh6 43. Kc3 Be4 44. Rf1 Rf7 45. Rxf7 Rxf7 46. b4 axb4+ 47.
Kxb4 Ra7 48. Re2 g5 49. Rf2 Ra6 50. Rf6+ Bg6 51. e6 gxh4 52. e7 Ra8 53. Rf8 Be8
54. a5 Rb8+ 55. Kc3 h3 56. Rf2 Rb7 57. Re2 Kg5 0-1

[Event "Mechanics' Winter TNM; G/2"]
[Site "San Francisco"]
[Date "2016.02.23"]
[Round "8.38"]
[White "Koga, Micah"]
[Black "Capdeville, Barry"]
[Result "1-0"]
[WhiteElo "1738"]
[BlackElo "1273"]
[PlyCount "35"]
[EventDate "2016.??.??"]

1. e4 e5 2. Nf3 Nf6 3. Nc3 d6 4. Bc4 Be7 5. O-O c5 6. h3 O-O 7. d3 Nc6 8. Nd5
Nxd5 9. Bxd5 Nd4 10. c3 Nxf3+ 11. Qxf3 Be6 12. Bxb7 Rb8 13. Bd5 Bxd5 14. exd5
Bg5 15. b3 Bxc1 16. Rfxc1 Qg5 17. Qe3 f5 $4 18. Qxg5 1-0

[Event "Mechanics' Winter TNM; G/2"]
[Site "San Francisco"]
[Date "2016.01.12"]
[Round "2.27"]
[White "Koga, Micah"]
[Black "McCarty-Snead, Callaghan"]
[Result "1-0"]
[WhiteElo "1738"]
[BlackElo "1700"]
[PlyCount "105"]
[EventDate "2016.??.??"]

1. e4 d6 2. Nf3 Nf6 3. c3 Nxe4 4. Qa4+ c6 5. Qxe4 g6 6. d4 Bf5 7. Qe3 Bg7 8.
Bd3 Bh6 9. Qxh6 Bxd3 10. Qg7 Rf8 11. Bh6 Nd7 12. Ng5 Qb6 13. b3 Qa5 14. Nxh7
Bxb1 15. O-O Bd3 16. Nxf8 Bxf1 17. Nxd7 Kxd7 18. Rxf1 Qxc3 19. Qxf7 Qxd4 20.
Bg5 Qe5 21. h4 a5 22. Bd2 Qh5 23. Bg5 Qe2 24. a4 Qe4 25. h5 gxh5 26. Qxh5 Qd5
27. Qh3+ Qe6 28. Re1 Qxh3 29. Rxe7+ Kc8 30. gxh3 Ra6 31. h4 Rb6 32. Re8+ Kd7
33. Re3 Rb4 34. f4 Rd4 35. Kf2 Rd2+ 36. Kg3 d5 37. f5 d4 38. Re7+ Kd6 39. Re6+
Kd5 40. Bxd2 b5 41. h5 bxa4 42. bxa4 c5 43. h6 c4 44. h7 c3 45. Bc1 d3 46. h8=Q
d2 47. Qe5+ Kc4 48. Bxd2 cxd2 49. Qe2+ Kc3 50. Rc6+ Kb3 51. Qxd2 Kxa4 52. Rb6
Ka3 53. Qxa5# 1-0

[Event "Mechanics' Winter TNM; G/2"]
[Site "San Francisco"]
[Date "2016.01.26"]
[Round "4.31"]
[White "Koga, Micah"]
[Black "Stearman, Micah"]
[Result "1-0"]
[WhiteElo "1738"]
[BlackElo "496"]
[PlyCount "102"]
[EventDate "2016.??.??"]

1. e4 e5 2. Nf3 Nc6 3. Bc4 Bc5 4. O-O d6 5. d3 Nf6 6. h3 O-O 7. a3 Be6 8. Bxe6
fxe6 9. Qe2 Qd7 10. c3 Rae8 11. a4 a6 12. b4 Ba7 13. b5 Ne7 14. c4 c6 15. Nc3
cxb5 16. axb5 Qc8 17. Ba3 Qc7 18. Rab1 Nc8 19. Qb2 Rf7 20. Rfc1 Nh5 21. Na4 Nf4
22. Kf1 Nxd3 23. Qc3 Nxc1 24. Qxc1 Nb6 25. Nxb6 Bxb6 26. bxa6 bxa6 27. Qb2
Qxc4+ 28. Qe2 Qxe2+ 29. Kxe2 Bc7 30. Rd1 Rd8 31. Ng5 Re7 32. g3 h6 33. Nf3 Ree8
34. Nh4 Kf7 35. f4 d5 36. exd5 Rxd5 37. f5 Rxd1 38. fxe6+ Kxe6 39. Kxd1 e4 40.
g4 Kd5 41. Nf5 Be5 42. Ne3+ Kd4 43. Bc1 Kd3 44. Nf5 Rf8 45. Ke1 a5 46. Ba3 Rb8
47. Bc1 Rb1 48. Kd1 Bf4 49. Ke1 e3 50. Nxe3 Bxe3 51. Kd1 Rxc1# 1-0

[Event "Mechanics' Spring TNM; G/2"]
[Site "San Francisco"]
[Date "2016.04.05"]
[Round "4.16"]
[White "Kokish, Iris"]
[Black "Standen, Julian"]
[Result "1/2-1/2"]
[WhiteElo "1850"]
[BlackElo "1650"]
[PlyCount "84"]
[EventDate "2016.??.??"]

1. e4 d5 2. exd5 Qxd5 3. Nc3 Qa5 4. d4 Bf5 5. Bd3 e6 6. Nge2 Nf6 7. Bxf5 Qxf5
8. O-O Bb4 9. Ng3 Qa5 10. Nce4 Nbd7 11. c3 Be7 12. b4 Qb6 13. a4 c6 14. Bf4 O-O
15. a5 Qd8 16. Qd2 Nxe4 17. Nxe4 Nf6 18. f3 Nxe4 19. fxe4 a6 20. Qe3 Re8 21.
Qg3 Qd7 22. Be5 g6 23. Rf3 f5 24. Raf1 Rf8 25. exf5 Rxf5 26. Rxf5 exf5 27. h4
Rf8 28. h5 Qe6 29. Re1 Qf7 30. hxg6 hxg6 31. Qh2 Qh7 32. Qxh7+ Kxh7 33. Kf2 Kg8
34. Rh1 Kf7 35. Rh7+ Ke6 36. g3 Rg8 37. Kf3 Rd8 38. Rg7 g5 39. Rg6+ Kf7 40.
Rg7+ Ke6 41. g4 f4 42. Rg6+ Kf7 {and later drawn. Remaining moves unavailable.}
1/2-1/2

[Event "Mechanics' Summer TNM; G/2"]
[Site "San Francisco"]
[Date "2016.05.31"]
[Round "2.30"]
[White "Kokish, Iris Roberta"]
[Black "Capdeville, Barry"]
[Result "1-0"]
[WhiteElo "1855"]
[BlackElo "1248"]
[PlyCount "29"]
[EventDate "2016.??.??"]

1. e4 e5 2. f4 exf4 3. Nf3 d6 4. d4 Be7 5. Bxf4 Bg4 6. Bb5+ c6 7. Be2 Bxf3 8.
Bxf3 Qc7 9. Nc3 Nd7 10. Qe2 Bf6 11. O-O-O b5 12. e5 dxe5 13. dxe5 Be7 14. Nxb5
g5 15. Nxc7+ 1-0

[Event "Mechanics' Winter TNM; G/2"]
[Site "San Francisco"]
[Date "2016.01.19"]
[Round "3.23"]
[White "Kondakov, Adrian"]
[Black "Brown, Nicholas M"]
[Result "1-0"]
[WhiteElo "1786"]
[BlackElo "1501"]
[PlyCount "87"]
[EventDate "2016.??.??"]

1. e4 e6 2. d4 d5 3. Nc3 dxe4 4. Nxe4 Nc6 5. Nf3 Be7 6. Bc4 Nf6 7. Nxf6+ Bxf6
8. Be3 b6 9. O-O Bb7 10. Re1 O-O 11. c3 Ne7 12. Bf4 Rc8 13. Ne5 Bxe5 14. Bxe5
Ng6 15. Bg3 c6 16. Qg4 Re8 17. Rad1 Qf6 18. h4 Qf5 19. Qxf5 exf5 20. h5 Ne7 21.
Re5 Rcd8 22. Rde1 Kf8 23. Bh4 f6 24. Re6 Nd5 25. Bxd5 cxd5 26. h6 Kf7 27. Rxe8
Rxe8 28. Rxe8 Kxe8 29. hxg7 Kf7 30. Bxf6 Bc8 31. Be5 b5 32. Kh2 Be6 33. Kg3 Kg6
34. Kf4 Kh5 35. g3 a6 36. f3 Kg6 37. Ke3 a5 38. Kd3 a4 39. Kc2 Kg5 40. b3 a3
41. b4 f4 42. Bxf4+ Kg6 43. Be5 Bg8 44. Kb3 1-0

[Event "Mechanics' Summer TNM; G/2"]
[Site "San Francisco"]
[Date "2016.06.28"]
[Round "6.5"]
[White "Kondakov, Adrian"]
[Black "Byambaa, Uyanga"]
[Result "0-1"]
[WhiteElo "1854"]
[BlackElo "2210"]
[PlyCount "96"]
[EventDate "2016.??.??"]

1. e4 c5 2. b3 Nc6 3. Bb2 e5 4. Nf3 d6 5. Bb5 Nf6 6. d3 Be7 7. O-O O-O 8. Nfd2
Nd4 9. Bc4 a6 10. a4 Bd7 11. c3 Nc6 12. Bd5 Qc7 13. Bxc6 Bxc6 14. c4 b5 15.
axb5 axb5 16. Nc3 b4 17. Nd5 Nxd5 18. exd5 Bd7 19. f4 Rxa1 20. Qxa1 f6 21. fxe5
fxe5 22. Ne4 Bf5 23. Bc1 Qd8 24. Be3 Bg4 25. Qe1 Rxf1+ 26. Qxf1 h6 27. h3 Bd7
28. Qf3 Qa8 29. Qh5 Qf8 30. Qg6 Bf5 31. Qg3 Kh7 32. Qf3 Qc8 33. Qf2 Bg6 34. Qa2
Qf8 35. Qa7 Bh5 36. Qa2 Bh4 37. Bf2 Bg5 38. Nxg5+ hxg5 39. Be3 Qf6 40. Qf2 Kg8
41. g4 Bg6 42. Qe2 Kf7 43. Kg2 e4 44. dxe4 Bxe4+ 45. Kg3 Qe5+ 46. Kf2 Qh2+ 47.
Ke1 Qxh3 48. Bxg5 Qc3+ {
Both players quit keeping score here do to time pressure.} 0-1

[Event "Mechanics' Winter TNM; G/2"]
[Site "San Francisco"]
[Date "2016.02.23"]
[Round "8.18"]
[White "Kondakov, Adrian"]
[Black "Eastham, Asher"]
[Result "1-0"]
[WhiteElo "1786"]
[BlackElo "1499"]
[PlyCount "65"]
[EventDate "2016.??.??"]

1. e4 e5 2. Nf3 Nc6 3. Bb5 a6 4. Ba4 Nf6 5. O-O Nxe4 6. d4 b5 7. Bb3 d5 8. dxe5
Be6 9. Be3 Be7 10. Nbd2 Nc5 11. Qe2 O-O 12. c3 Bg4 13. Bxc5 Bxc5 14. Qd3 Be6
15. Bc2 g6 16. Nb3 Be7 17. Nbd4 Qd7 18. Rad1 Rad8 19. a4 Na5 20. axb5 Nc4 21.
Qe2 axb5 22. b3 Na3 23. Bd3 c6 24. Nc2 Nxc2 25. Qxc2 Bg4 26. Be2 Qf5 27. Qxf5
Bxf5 28. Nd4 Bd7 29. f4 f5 30. Ra1 Ra8 31. Bf3 b4 32. e6 Be8 33. Rxa8 1-0

[Event "Mechanics' Summer TNM; G/2"]
[Site "San Francisco"]
[Date "2016.06.14"]
[Round "4.11"]
[White "Kondakov, Adrian"]
[Black "Handler, Andrew"]
[Result "1-0"]
[WhiteElo "1854"]
[BlackElo "1712"]
[PlyCount "115"]
[EventDate "2016.??.??"]

1. e4 c5 2. b3 Nc6 3. Bb2 e5 4. Bb5 d6 5. Nf3 a6 6. Bxc6+ bxc6 7. O-O Nf6 8. d3
Be7 9. Nbd2 O-O 10. Nc4 Nd7 11. Qd2 f5 12. exf5 Rxf5 13. Ne3 Rh5 14. Rfe1 Nf6
15. Nf1 Nd5 16. Ng3 Rh6 17. Bc1 Nf4 18. Qd1 Bg4 19. h3 Bd7 20. Ne2 Nxe2+ 21.
Qxe2 Rg6 22. Kh2 Bf6 23. Rb1 Qf8 24. Be3 Be6 25. Nd2 Bd5 26. Ne4 Bxe4 27. dxe4
d5 28. Rbd1 d4 29. Bd2 Bh4 30. Rf1 Qf7 31. g3 Bg5 32. Bxg5 Rxg5 33. f4 Rg6 34.
fxe5 Qe6 35. Rf5 Rh6 36. Qg4 Rg6 37. Qf4 c4 38. Rxd4 cxb3 39. axb3 Qe7 40. Qd2
Re6 41. Rd7 Qe8 42. Qd4 g6 43. Rff7 Qxf7 44. Rxf7 Kxf7 45. Qd7+ Re7 46. e6+ Kf8
47. Qd4 Kg8 48. Qd6 Rae8 49. Qxc6 Rxe6 50. Qd5 Kg7 51. h4 Rxe4 52. c4 R8e6 53.
b4 R4e5 54. Qb7+ Kh6 55. c5 Kh5 56. Kh3 Kh6 57. c6 Rb5 58. Qf7 1-0

[Event "Mechanics' Alan Benson TNM; G/2"]
[Site "San Francisco"]
[Date "2016.09.20"]
[Round "8.15"]
[White "Kondakov, Adrian"]
[Black "Handler, Andrew Todd"]
[Result "1-0"]
[WhiteElo "1946"]
[BlackElo "1701"]
[PlyCount "79"]
[EventDate "2016.??.??"]

1. e4 c5 2. b3 Nc6 3. Bb2 e5 4. Bc4 Nf6 5. d3 d6 6. Ne2 Be7 7. Nbc3 a6 8. a4
Be6 9. O-O O-O 10. h3 Nd4 11. f4 Rb8 12. fxe5 dxe5 13. a5 Bxc4 14. bxc4 b5 15.
axb6 Qxb6 16. Bc1 h6 17. Nd5 Nxd5 18. exd5 Qg6 19. Nxd4 exd4 20. Qg4 Qxg4 21.
hxg4 Ra8 22. Ra5 Bd6 23. Ba3 Rfc8 24. Ra1 Kf8 25. Kf2 Ke7 26. Bc1 Kf6 27. Rxa6
Rxa6 28. Rxa6 Ke5 29. Kf3 g5 30. Ra7 f5 31. Rf7 Rf8 32. Rxf8 Bxf8 33. Bd2 Bd6
34. c3 Bf8 35. gxf5 Kxf5 36. cxd4 cxd4 37. g4+ Kf6 38. Ke4 Bc5 39. Ba5 Ba7 40.
Bb4 1-0

[Event "Mechanics' Alan Benson TNM; G/2"]
[Site "San Francisco"]
[Date "2016.08.30"]
[Round "5.16"]
[White "Kondakov, Adrian"]
[Black "Sherwood, Peter"]
[Result "0-1"]
[WhiteElo "1946"]
[BlackElo "1688"]
[PlyCount "138"]
[EventDate "2016.??.??"]

1. e4 c5 2. b3 Nc6 3. Bb2 d6 4. Bb5 Bd7 5. d3 Ne5 6. Bxd7+ Qxd7 7. f4 Nc6 8.
Nf3 Nf6 9. O-O O-O-O 10. Nbd2 h6 11. Nc4 d5 12. Nce5 Qe8 13. Qe2 Nxe5 14. Nxe5
e6 15. Nf3 Be7 16. a4 Rg8 17. a5 Nd7 18. a6 b6 19. c4 d4 20. e5 Nb8 21. Nd2 Qd7
22. Ne4 f5 23. exf6 gxf6 24. Rae1 e5 25. fxe5 fxe5 26. Ra1 Rg6 27. g3 Nc6 28.
Qh5 Rdg8 29. Bc1 Qe6 30. Bd2 Bg5 31. Bxg5 hxg5 32. Qf3 Kd8 33. Nf6 Rf8 34. Qd5+
Ke7 35. Qxe6+ Kxe6 36. Nd5 Rd8 37. Nc7+ Ke7 38. Rf5 Rd7 39. Nb5 g4 40. Raf1 Ke6
41. Rf8 Nb4 42. Re8+ Re7 43. Rxe7+ Kxe7 44. Nxa7 Nxa6 45. Re1 Re6 46. Re4 Nb4
47. Rxg4 Kf6 48. h4 Nxd3 49. Re4 Kf5 50. Re2 e4 51. Nb5 e3 52. Nc7 Rg6 53. Kh2
Kg4 54. Kg2 Rf6 55. Nd5 Rf3 56. Kh2 Nc1 57. Re1 Nxb3 58. h5 Kxh5 59. Nf4+ Kg4
60. Nd3 Rf5 61. Kg2 Nd2 62. Rc1 Nf3 63. Rf1 Ne5 64. Nf4 Nxc4 65. Rh1 Rf8 66.
Nd3 Re8 67. Rh4+ Kg5 68. Kh3 e2 69. Rg4+ Kf5 {both sides stopped recording in
time pressure. White traded both pieces and Black won the king-and-pawn ending.
} 0-1

[Event "Mechanics' Alan Benson TNM; G/2"]
[Site "San Francisco"]
[Date "2016.08.16"]
[Round "3.8"]
[White "Kondakov, Adrian"]
[Black "Smith III, Mahlon"]
[Result "1-0"]
[WhiteElo "1946"]
[BlackElo "2064"]
[PlyCount "35"]
[EventDate "2016.??.??"]

1. e4 c5 2. b3 e6 3. Bb2 d5 4. exd5 exd5 5. Bb5+ Bd7 6. Bxd7+ Nxd7 7. Ne2 Ngf6
8. O-O Bd6 9. Ng3 O-O 10. Nf5 Be5 11. Bxe5 Nxe5 12. d4 Ng6 13. Qf3 Qc7 14. Nc3
Rfd8 15. Ne2 c4 16. Neg3 b5 17. h4 Qf4 $4 {Diagram [#]} 18. Ne7+ 1-0

[Event "Mechanics' Spring TNM; G/2"]
[Site "San Francisco"]
[Date "2016.03.22"]
[Round "2.8"]
[White "Kondakov, Adrian"]
[Black "Stearman, Josiah P"]
[Result "0-1"]
[WhiteElo "1796"]
[BlackElo "2196"]
[PlyCount "68"]
[EventDate "2016.??.??"]

1. e4 c5 2. b3 e6 3. Bb2 b6 4. Nf3 Bb7 5. Nc3 d6 6. Bb5+ Nd7 7. d4 cxd4 8. Nxd4
a6 9. Bc6 Bxc6 10. Nxc6 Qc7 11. Nd4 Ngf6 12. Qf3 Rc8 13. O-O Be7 14. Qd3 b5 15.
f4 Nc5 16. Qe2 b4 17. Nd1 Nfxe4 18. Qg4 Bf6 19. Nf2 Nxf2 20. Rxf2 Ne4 21. Re2
Nc3 22. Rd2 Qc5 23. Rad1 Bxd4+ 24. Rxd4 Nxd1 25. Qxd1 e5 26. Qe2 O-O 27. fxe5
dxe5 28. Qg4 f5 29. Qh4 exd4 30. Bxd4 Qxc2 31. Qg3 Qd1+ 32. Kf2 Qxd4+ 33. Qe3
Rc2+ 34. Kf3 Qg4# 0-1

[Event "Mechanics' Winter TNM; G/2"]
[Site "San Francisco"]
[Date "2016.01.05"]
[Round "1.33"]
[White "Kondakov, Adrian"]
[Black "Touset, Stephen"]
[Result "1-0"]
[WhiteElo "1786"]
[BlackElo "1152"]
[PlyCount "44"]
[EventDate "2016.??.??"]

1. e4 c5 2. b3 e5 3. Bb2 d6 4. Bb5+ Nc6 5. Bxc6+ bxc6 6. d3 Ne7 7. Ne2 Ng6 8.
O-O Be7 9. Nd2 O-O 10. f4 f5 11. fxe5 f4 12. exd6 Bxd6 13. Nf3 Nh4 14. e5 Nxf3+
15. Rxf3 Bg4 16. Rxf4 Rxf4 17. exd6 Qe8 18. Qd2 Rf6 19. Bxf6 Qxe2 20. Qg5 g6
21. Qh6 Kf7 22. Qg7+ Ke6 1-0

[Event "Mechanics' Alan Benson TNM; G/2"]
[Site "San Francisco"]
[Date "2016.08.16"]
[Round "3.42"]
[White "Kondakov, Konstantin"]
[Black "Enkh, Tergelsar"]
[Result "0-1"]
[WhiteElo "645"]
[BlackElo "1208"]
[PlyCount "34"]
[EventDate "2016.??.??"]

1. e4 e5 2. Nf3 Nc6 3. Be2 Nf6 4. O-O d5 5. d3 Be6 6. Nc3 d4 7. Na4 $2 b5 8.
Nc3 dxc3 9. bxc3 h6 10. d4 exd4 11. cxd4 Nxe4 12. Bxb5 Bd7 13. Ne5 $2 Nxe5 14.
Bxd7+ Nxd7 15. Re1 Be7 16. Rxe4 O-O 17. Qh5 Nf6 0-1

[Event "Mechanics' Spring TNM; G/2"]
[Site "San Francisco"]
[Date "2016.03.22"]
[Round "2.49"]
[White "Kondakova, Elena"]
[Black "Eastham, Asher Dan"]
[Result "0-1"]
[WhiteElo "753"]
[BlackElo "1501"]
[PlyCount "64"]
[EventDate "2016.??.??"]

1. e4 e5 2. Nf3 Nc6 3. d4 exd4 4. Bc4 Bc5 5. c3 d6 6. cxd4 Bb6 7. d5 Ne5 8. Be2
Nf6 9. Nxe5 dxe5 10. Bb5+ Bd7 11. Nc3 O-O 12. O-O Nxe4 13. Bxd7 Nxc3 14. bxc3
Qxd7 15. Re1 Rfe8 16. c4 Rad8 17. Bb2 Qf5 18. Qf3 Qxf3 19. gxf3 f6 20. Rac1 Bc5
21. Rc2 Kf7 22. Kf1 Rd6 23. Ke2 Red8 24. Rd1 c6 25. Rcd2 cxd5 26. cxd5 b5 27.
a3 a6 28. Bc3 Bxa3 29. Ba5 R8d7 30. Ke3 Bc5+ 31. Ke2 Bd4 32. f4 Rxd5 {
and Black later won.} 0-1

[Event "Mechanics' Summer TNM; G/2"]
[Site "San Francisco"]
[Date "2016.07.12"]
[Round "8.38"]
[White "Kondakova, Elena"]
[Black "Frank, Robert H"]
[Result "0-1"]
[WhiteElo "978"]
[BlackElo "1261"]
[Annotator "Donaldson"]
[PlyCount "84"]
[EventDate "2016.??.??"]

1. e4 e5 2. Nf3 Nf6 3. Nxe5 d6 4. Nf3 Nxe4 5. Qe2 Qe7 6. d3 Nf6 7. Bg5 h6 8.
Bd2 (8. Bxf6) 8... Nc6 9. Nc3 Bg4 10. h3 Be6 11. d4 a6 12. g3 Nb4 13. O-O-O
Nfd5 14. Kb1 Nxc3+ 15. Bxc3 Nxa2 16. Qe3 Nxc3+ 17. Qxc3 d5 18. Bg2 O-O-O 19.
Rhe1 Qb4 20. Qxb4 Bxb4 21. Re3 Be7 22. Ne5 Rhe8 23. Rb3 c5 24. c4 Bf5+ 25. Ka2
Bc2 26. Rb6 Bxd1 27. Bxd5 cxd4 28. Bxb7+ Kc7 29. Rxa6 Kxb7 30. Rc6 Ba4 31. Rd6
Bxd6 32. Nxf7 Rd7 33. Nxd6+ Rxd6 34. c5 Rf6 35. b4 d3 36. Ka3 Ra8 37. Kb2 d2
38. Kc3 d1=Q 39. Kc4 Qb3+ 40. Kd4 Rd8+ 41. Ke4 Qd5+ 42. Ke3 Re8# 0-1

[Event "Mechanics' Alan Benson TNM; G/2"]
[Site "San Francisco"]
[Date "2016.08.02"]
[Round "1.27"]
[White "Kondakova, Elena"]
[Black "Kim, Isaiah"]
[Result "0-1"]
[WhiteElo "1182"]
[BlackElo "1900"]
[PlyCount "66"]
[EventDate "2016.??.??"]

1. e4 c6 2. d4 d5 3. Nc3 dxe4 4. Nxe4 Bf5 5. Nc3 Nf6 6. Nf3 e6 7. Bc4 Bd6 8.
Be3 Nbd7 9. O-O Qc7 10. g3 Nb6 11. Bd3 Bh3 12. Re1 h5 13. Bf1 Bxf1 14. Kxf1
O-O-O 15. Qd3 Rdg8 16. Rad1 Ng4 17. d5 Nxe3+ 18. Rxe3 Nxd5 19. Nxd5 cxd5 20.
Qc3 Qxc3 21. Rxc3+ Kb8 22. Ng5 Rf8 23. a4 Be7 24. h4 Bxg5 25. hxg5 Rc8 26. Rdd3
Rxc3 27. Rxc3 Rc8 28. Rf3 Rc7 29. c3 Kc8 30. Ke2 Kd8 31. Kd3 Ke7 32. Kd4 Rc4+
33. Ke5 Re4# 0-1

[Event "Mechanics' Summer TNM; G/2"]
[Site "San Francisco"]
[Date "2016.05.24"]
[Round "1.27"]
[White "Kondakova, Elena"]
[Black "Kokish, Iris Roberta"]
[Result "1-0"]
[WhiteElo "978"]
[BlackElo "1855"]
[PlyCount "45"]
[EventDate "2016.??.??"]

1. e4 d6 2. d4 Nf6 3. Nc3 g6 4. Bc4 Bg7 5. Nf3 c5 6. Be3 Qa5 7. O-O Qb4 8. Bb3
Nbd7 9. Nd5 Nxd5 10. exd5 c4 11. c3 Qb5 12. Ba4 Qxd5 13. Re1 b5 14. Bc2 Bb7 15.
Bg5 Qc6 16. Rxe7+ Kf8 17. Be4 d5 18. Bc2 f6 19. Qe2 fxg5 20. Nxg5 Ne5 21. Rxe5
Bxe5 22. Qxe5 Kg8 23. Qe7 1-0

[Event "Mechanics' Alan Benson TNM; G/2"]
[Site "San Francisco"]
[Date "2016.08.23"]
[Round "4.42"]
[White "Kondakova, Elena"]
[Black "Otterbach, Renate"]
[Result "1/2-1/2"]
[WhiteElo "1182"]
[BlackElo "991"]
[Annotator "Donaldson"]
[PlyCount "122"]
[EventDate "2016.??.??"]

1. e4 e6 2. d4 d5 3. Nc3 Nf6 4. Bg5 Be7 5. Bd3 b6 6. Nf3 Bb7 7. e5 Nfd7 8. Bxe7
Qxe7 9. O-O Nc6 10. Qe2 Nb4 11. Nb5 Nf8 12. c4 Nxd3 13. Qxd3 Ng6 14. cxd5 Bxd5
15. Rac1 c6 16. Nd6+ Kd7 17. Qa6 Qd8 18. Qb7+ Qc7 19. Qxc7+ Kxc7 20. Nxf7 Rhf8
21. Nd6 Bxa2 22. Ng5 h6 23. Nge4 Bd5 24. Nc3 Ne7 25. Nxd5+ Nxd5 26. Nb5+ Kb7
27. Nc3 a5 28. Nxd5 cxd5 29. Rc2 Rac8 30. Rfc1 Rxc2 31. Rxc2 Ka6 $2 (31... Rf4
$17) (31... a4 $17) (31... b5 $17) 32. Rc6 Re8 (32... Rf4 $1) 33. f4 g6 34. Kf2
Kb5 35. Rc2 a4 36. Ke3 Kb4 37. Kd3 Kb3 38. Kd2 Rf8 (38... b5 $1 $19) 39. g3 g5
(39... b5 $1 $19) 40. Rc6 $11 Kxb2 $2 (40... b5 $1) 41. Rxb6+ Ka2 42. Kc2 gxf4
43. Ra6 a3 44. Rxe6 $4 (44. gxf4 Rxf4 45. Rxe6 Rxd4 46. Rxh6 $11) 44... f3 $19
45. Rf6 Rc8+ $4 (45... Rxf6 46. exf6 f2 $19) 46. Kd3 Kb3 47. Rb6+ Ka4 48. Ra6+
Kb3 (48... Kb4 49. e6) 49. Rxh6 (49. Rb6+) 49... a2 50. Rb6+ Ka3 51. Ra6+ Kb3
$2 (51... Kb2 52. Rb6+ Kc1 53. Ra6 Rc2 54. e6 f2) 52. e6 f2 53. Ke2 Rc2+ (53...
f1=Q+ 54. Kxf1 Rc1+ 55. Ke2 a1=Q) 54. Kf1 Kb2 (54... Rc1+ 55. Kxf2 a1=Q) 55. e7
Rc8 56. Rb6+ Kc3 57. Ra6 Kb2 58. Rb6+ Kc3 59. Ra6 Kb2 60. Rb6+ Kc3 61. Ra6 Kb2
1/2-1/2

[Event "Mechanics' Spring TNM; G/2"]
[Site "San Francisco"]
[Date "2016.04.26"]
[Round "7.43"]
[White "Krasnov, Steven"]
[Black "Otterbach, Renate"]
[Result "1-0"]
[WhiteElo "1996"]
[BlackElo "1022"]
[PlyCount "39"]
[EventDate "2016.??.??"]

1. e4 e6 2. Nc3 c6 3. d3 d5 4. g3 Bd6 5. Bg2 d4 6. Nce2 Ne7 7. Nxd4 Bc5 8. Nb3
Bb6 9. Nf3 Nd7 10. O-O e5 11. a4 a5 12. h4 Qc7 13. Qe2 Nf6 14. Nh2 Be6 15. c4
Nd7 16. Kh1 O-O 17. f4 f5 18. fxe5 Nc5 19. Nxc5 Bxc5 20. Bf4 {
White went on to win. The remaining moves are unavailable.} 1-0

[Event "Mechanics' Alan Benson TNM; G/2"]
[Site "San Francisco"]
[Date "2016.08.23"]
[Round "4.4"]
[White "Krasnov, Steven Le"]
[Black "Askin, Michael Chr"]
[Result "1/2-1/2"]
[WhiteElo "1977"]
[BlackElo "2042"]
[PlyCount "52"]
[EventDate "2016.??.??"]

1. Nf3 d5 2. g3 Nf6 3. Bg2 Bg4 4. c4 c6 5. O-O Nbd7 6. d4 e6 7. Nbd2 Be7 8. Qc2
O-O 9. e4 dxe4 10. Nxe4 Bf5 11. Ne5 Nxe4 12. Bxe4 Bxe4 13. Qxe4 Nf6 14. Qd3 c5
15. Be3 Qc7 16. Rad1 Rfd8 17. Qe2 Qb6 18. dxc5 Bxc5 19. Bxc5 Qxc5 20. b3 h5 21.
Kg2 a5 22. Nd3 Qf5 23. Qf3 Ne4 24. Qxf5 exf5 25. Nf4 Nc3 26. Ra1 Rd2 1/2-1/2

[Event "Mechanics' Fall TNM; G/2"]
[Site "San Francisco"]
[Date "2016.11.29"]
[Round "7.5"]
[White "Krasnov, Steven Le"]
[Black "Askin, Michael Chr"]
[Result "1/2-1/2"]
[WhiteElo "1977"]
[BlackElo "2039"]
[PlyCount "29"]
[EventDate "2016.??.??"]

1. Nf3 d5 2. g3 Nf6 3. Bg2 e6 4. d3 Be7 5. O-O O-O 6. Nbd2 c5 7. e4 b5 8. Re1
Nc6 9. e5 Nd7 10. Nf1 a5 11. h4 a4 12. a3 Qb6 13. Bf4 Ba6 14. N1h2 b4 15. Qd2
1/2-1/2